000 00736nam a2200229Ii 4500
003 JO-AjNU
008 230605s9999||||xx |||||||||||||| ||und||
017 _a2020/7/3220
020 _a978-9957-56-240-3
040 _aJO-AjNU
_bara
_erda
_cJO-AjNU
041 _aara
050 1 4 _aHJ9741 2022
100 3 _aحبابة، سعد فؤاد علي,
_eauthor
_963821
245 0 0 _aالمحاسبة الحكومية = Government Accountability
250 _aط1
264 3 1 _aعمان: دار الابتكار للنشر والتوزيع، 2022
300 _a320ص
336 _atext
_btxt
_2rdacontent
337 _aunmediated
_bn
_2rdamedia
338 _avolume
_bnc
_2rdacarrier
650 4 _aالمحاسبة الحكومية
_963822
999 _aA28969
_c32537
_d32537